000 00335nam a2200145Ia 4500
100 _aGervae/Nick/ Clark/Peter
942 _cBK
654 _aDeveloping business
245 _aDeveloping Business App with Open step
260 _bSpringer
_aNONE
_c1997
082 _a5.2
_bGER
300 _a289
546 _aENGLISH
999 _c21192
_d21192